Estadísticas para Países con Dos o más Palabras

Haz click aquí para intentar la prueba.

Estadísticas generales

  • Esta prueba ha sido intentada 121 veces
  • La puntuación promedio es 28 de 38

Estadísticas de respuestas

País% Correcto
Reino Unido
90%
Corea del Norte
89%
Corea del Sur
89%
Nueva Zelanda
88%
República
Democrática
del Congo
84%
Antigua y Barbuda
83%
República del
Congo
83%
San Marino
83%
San Vicente y las
Granadinas
83%
Republica
Dominicana
82%
Estados Unidos
78%
San Cristóbal
y Nieves
78%
Trinidad y Tobago
78%
Bosnia y
Herzegovina
77%
Santa Lucía
76%
Arabia Saudita
75%
El Salvador
75%
Islas Marshall
75%
Costa Rica
74%
Emiratos Árabes
Unidos
74%
Guinea Ecuatorial
74%
Islas Salomón
74%
Países Bajos
74%
Papúa Nueva
Guinea
74%
República Checa
72%
Ciudad del
Vaticano
71%
Guinea-Bissau
70%
República
Centroafricana
70%
Sri Lanka
68%
Sudán del Sur
68%
Cabo Verde
66%
Estados Federados de
Micronesia
66%
Macedonia del
Norte
64%
Timor Oriental
64%
Santo Tomé y
Príncipe
63%
Burkina Faso
60%
Costa de Marfil
60%
Sierra Leona
58%

Distribución de puntuación

Porcentaje por número respondido

Porcentaje de gente con cada puntuación

Historial de tus puntuaciones

No has intentado esta prueba.